<?xml version="1.0" encoding="UTF-8"?>
<record
    xmlns:xsi="http://www.w3.org/2001/XMLSchema-instance"
    xsi:schemaLocation="http://www.loc.gov/MARC21/slim http://www.loc.gov/standards/marcxml/schema/MARC21slim.xsd"
    xmlns="http://www.loc.gov/MARC21/slim">

  <leader>00428nam a22001337a 4500</leader>
  <datafield tag="020" ind1=" " ind2=" ">
    <subfield code="a">9789550445273</subfield>
  </datafield>
  <datafield tag="100" ind1=" " ind2=" ">
    <subfield code="a">SinhalaBashawa...&#xDC3;&#xDD2;&#xD82;&#xDC4;&#xDC5; &#xDB7;&#xDCF;&#xDC2;&#xDCF;&#xDC0; &#xDC4;&#xDCF; &#xDC3;&#xDCF;&#xDC4;&#xDD2;&#xDAD;&#x200D;&#xDCA;&#x200D;&#xDBA;</subfield>
  </datafield>
  <datafield tag="245" ind1=" " ind2=" ">
    <subfield code="a">&#xDC3;&#xDD2;&#xD82;&#xDC4;&#xDC5; &#xDB7;&#xDCF;&#xDC2;&#xDCF;&#xDC0; &#xDC4;&#xDCF; &#xDC3;&#xDCF;&#xDC4;&#xDD2;&#xDAD;&#x200D;&#xDCA;&#x200D;&#xDBA; &#xDD9;&#xD9A;&#xDA7;&#xDD2; &#xDC3;&#xDA7;&#xDC4;&#xDB1;&#xDCA;</subfield>
  </datafield>
  <datafield tag="260" ind1=" " ind2=" ">
    <subfield code="a">Colombo</subfield>
    <subfield code="b">Masitha</subfield>
  </datafield>
  <datafield tag="300" ind1=" " ind2=" ">
    <subfield code="a">176p</subfield>
  </datafield>
  <datafield tag="490" ind1=" " ind2=" ">
    <subfield code="a">Grade Nine</subfield>
  </datafield>
  <datafield tag="650" ind1=" " ind2=" ">
    <subfield code="a">sinhala language</subfield>
  </datafield>
  <datafield tag="942" ind1=" " ind2=" ">
    <subfield code="c">BK</subfield>
  </datafield>
  <datafield tag="999" ind1=" " ind2=" ">
    <subfield code="c">2273</subfield>
    <subfield code="d">2273</subfield>
  </datafield>
  <datafield tag="952" ind1=" " ind2=" ">
    <subfield code="0">0</subfield>
    <subfield code="1">0</subfield>
    <subfield code="7">0</subfield>
    <subfield code="8">NFIC</subfield>
    <subfield code="a">IC</subfield>
    <subfield code="b">IC</subfield>
    <subfield code="c">GEN</subfield>
    <subfield code="d">2015-10-03</subfield>
    <subfield code="l">0</subfield>
    <subfield code="p">006957</subfield>
    <subfield code="r">2022-11-17 00:00:00</subfield>
    <subfield code="w">2015-10-03</subfield>
    <subfield code="y">BK</subfield>
  </datafield>
</record>
